Export Development of Kerala (Record no. 1810)
[ view plain ]
| 000 -LEADER | |
|---|---|
| fixed length control field | 00589nam a22001577a 4500 |
| 005 - DATE AND TIME OF LATEST TRANSACTION | |
| control field | 20090725102947.0 |
| 008 - FIXED-LENGTH DATA ELEMENTS--GENERAL INFORMATION | |
| fixed length control field | 090725t xxu||||| |||| 00| 0 eng d |
| 080 ## - UNIVERSAL DECIMAL CLASSIFICATION NUMBER | |
| Universal Decimal Classification number | 382.6:63.002.6(548.3) |
| Item number | BAB |
| 100 ## - MAIN ENTRY--PERSONAL NAME | |
| Personal name | Baby Jacob |
| 245 ## - TITLE STATEMENT | |
| Title | Export Development of Kerala: |
| Remainder of title | a blue print |
| 300 ## - PHYSICAL DESCRIPTION | |
| Extent | iii, 238p. illus. |
| 942 ## - ADDED ENTRY ELEMENTS (KOHA) | |
| item type | Books |
| 260 ## - PUBLICATION, DISTRIBUTION, ETC. (IMPRINT) | |
| Place of publication, distribution, etc | Cochin |
| Name of publisher, distributor, etc | School of Management Studies |
| Date of publication, distribution, etc | 1985 |
| 500 ## - GENERAL NOTE | |
| General note | Thesis (Ph.D) University of Cochin, 1985 |
| 260 ## - PUBLICATION, DISTRIBUTION, ETC. (IMPRINT) | |
| -- | 999 |
| Lost status | Source of classification or shelving scheme | Not for loan | Home library | Current library | Date acquired | Total Checkouts | Full call number | Barcode | Date last seen | Price effective from | Koha item type |
|---|---|---|---|---|---|---|---|---|---|---|---|
| Universal Decimal Classification | University Library | University Library | 25/07/2009 | 382.6:63.002.6(548.3) BAB | G0003478 | 25/07/2009 | 25/07/2009 | Books |
